Hannibal Lecter Franchise - Statistics

General Stats
  • This quiz has been taken 82 times
  • The average score is 10 of 12
Answer Stats
Type Year Name Info % Correct
Novel 1999 Hannibal Thomas Harris
100%
Film 2001 Hannibal MGM / Universal
100%
TV Show 2013-2015 Hannibal NBC
100%
Novel 1988 The Silence of the Lambs Thomas Harris
98%
Film 1991 The Silence of the Lambs Orion Pictures
98%
Novel 1981 Red Dragon Thomas Harris
94%
Film 2002 Red Dragon Universal
94%
Musical 2005 Silence! The Musical Jon Kaplan / Al Kaplan
86%
Novel 2006 Hannibal Rising Thomas Harris
83%
Film 2007 Hannibal Rising Momentum Pictures / The Weinstein Company / MGM
83%
Film 1986 Manhunter De Laurentiis Entertainment Group
65%
Film 1994 The Silence of the Hams October Films
11%
No matching quizzes found
Score Distribution
Percent of People with Each Score
Percentile by Number Answered
Your Score History
You have not taken this quiz